01862nam a2200289 a 4500001001500000003000400015005001700019008004100036020003500077020003000112040000600142050001500148082002400163245006600187260006500253300002100318520091900339650001001258650001001268650002801278650002201306700001901328856008201347942001201429999001701441952011401458ASIN8175968958OSt20170105102909.0131025s2012 xxu eng d a8175968958 (paperback)c$55.00 a9788175968950 (paperback) aa04aDS740.5.I504a327.51054bRIS 201214aThe rise of china :bimplications for india /cHarsh V. Pant. a[S.l.] :bCambridge University Press India Pvt. Ltd.,c2012. a270 p. ;c23 cm. aThe rise of China as an emerging power and as the most likely challenger to the global preponderance of the US is already having a significant impact across the globe. This phenomenon is being debated and analysed at various levels. In India too, it is generating a lot of excitement. On the one hand, it is considered to be an opportunity and on the other, a challenge. This book is an attempt at exploring the multi-dimensional nature of the rise of China and its implications for India. The contributors in this volume have examined various aspects of China's rise such as domestic developments, foreign policy agenda, and its position on issues related to India from an Indian perspective. The book will appeal to undergraduate and graduate students of International Relations across the world. Foreign policy experts, and anyone interested in China-India relations should also find the book to be of interest. 0aChina 0aIndia 0aInternational relations 0aPolitical science1 aPant, Harsh V.403Amazon.comuhttp://www.amazon.com/exec/obidos/ASIN/8175968958/chopaconline-20 2ddccBK c15039d15039 001040708NFICaCIPSbCIPScGENd2013-10-01l0o327.51054 RIS 2012pCIPS0001608r2013-10-25w2013-10-25yBK